000 01033nam a22003137a 4500
001 BR0603163
003 BR-BrBNA
005 20230928102229.0
007 ta
008 230509b bl.||||| |||| 00| 0 por d
040 _aBR-BrBNA
_bpor
_cBiblioteca Nacional de Agricultura
041 _a(Por)
072 _aP33
090 _ P33 BR0603163
100 1 _aPires, L.F.
110 1 _aCentro de Energia Nuclear na Agricultura, Piracicaba, SP (Brasil)
_0Tese (Doutor em Ciências)
245 1 _aTomografia computadorizada, atenuação de raios gama e análise micromorfológica na avaliação de alterações na estrutura e retenção de água pelo solo
260 3 _aPiracicaba, SP (Brasil):
_c2006.
300 _a217 p.
500 _aSummaries (Eng, Por); Bibliography p. 192-209; 61 illus.; 14 tables
650 _aSOLO
650 _aPOROSIDADE
650 _aÁGUA DO SOLO
650 _aFÍSICA DO SOLO
650 _aANÁLISE DO SOLO
650 _aTOMOGRAFIA
909 _a202309
_bLucia
_c55
_dLucia Elande
942 _cBK
999 _c69762
_d69762